000 00382nam a2200169Ia 4500
005 20240823042441.0
008 240823s9999||||xx |||||||||||||| ||und||
041 _aENGLISH
082 _A004 M7
100 _aRussell A Stultz
245 0 _aBase III Plus
250 _a1st
260 _c1987
_bBPB PUBLICA
500 _aTRANSFERED
650 _aGeneral
_bGeneral
942 _cBK
999 _c207892
_d207892